Effect of Sawdust and Lightweight Aggregate on Thermal and Mechanical Properties of Concrete / (Record no. 533425)

000 -LEADER
fixed length control field 00538nam a22001577a 4500
020 ## - INTERNATIONAL STANDARD BOOK NUMBER
Qualifying information Hard Cover.
082 ## - DEWEY DECIMAL CLASSIFICATION NUMBER
Classification number 624.1
100 ## - MAIN ENTRY--PERSONAL NAME
Personal name Ahmed, Wisal
245 ## - TITLE STATEMENT
Title Effect of Sawdust and Lightweight Aggregate on Thermal and Mechanical Properties of Concrete /
Statement of responsibility, etc. Wisal Ahmed.
260 ## - PUBLICATION, DISTRIBUTION, ETC.
Place of publication, distribution, etc. Islamabad:
Name of publisher, distributor, etc. SCEE - NUST,
Date of publication, distribution, etc. 2017.
300 ## - PHYSICAL DESCRIPTION
Extent 54 p. :
Other physical details ill. ;
Dimensions 30cm
942 ## - ADDED ENTRY ELEMENTS (KOHA)
Source of classification or shelving scheme
Koha item type Thesis
650 ## - SUBJECT ADDED ENTRY--TOPICAL TERM
Topical term or geographic name entry element Structural Engineering MS-Thesis.
700 ## - ADDED ENTRY--PERSONAL NAME
Personal name Dr. Rao Arsalan Khushnood
650 ## - SUBJECT ADDED ENTRY--TOPICAL TERM
-- 17039
700 ## - ADDED ENTRY--PERSONAL NAME
-- 17040
Holdings
Withdrawn status Lost status Source of classification or shelving scheme Damaged status Not for loan Permanent Location Current Location Shelving location Date acquired Total Checkouts Full call number Barcode Date last seen Price effective from Koha item type
          Central Library (CL) Central Library (CL) Thesis 01/01/2020   624.1 CL-T-4493 01/01/2020 01/01/2020 Thesis
© 2023 Central Library, National University of Sciences and Technology. All Rights Reserved.